| 000 | 00792nam a22002657a 4500 | ||
|---|---|---|---|
| 001 | 7308 | ||
| 003 | FISKH | ||
| 005 | 20260305141723.0 | ||
| 008 | 250709b cb ||||| |||| 00| 0 eng d | ||
| 020 | _a9781740898263 | ||
| 040 |
_aFISKH _beng _cFISKH _dFISKH |
||
| 050 | _aPZ7 | ||
| 082 | _a621 | ||
| 100 | _aRyan, Denise | ||
| 245 |
_aHow does it work ? : _bTop readers / _cDenise Ryan |
||
| 260 |
_aSydney : _bWeldon Owen, _c2008. |
||
| 300 |
_a32 pages : _bcolor illustrations ; _c23 cm |
||
| 505 | _aE | ||
| 520 | _aBrief text and illustrations present how machines, instruments, and tools work. | ||
| 521 | 8 |
_a200
_bLexile estimate |
|
| 521 | 8 |
_aE
_bRaz-Plus |
|
| 650 |
_aMachines _vNonfiction _xScience _yTechnology |
||
| 942 |
_2ddc _cBK _n0 |
||
| 999 |
_c7308 _d7308 |
||